All Skylanders figures - Statistics

General Stats
  • This quiz has been taken 16 times
    14 since last reset
  • The average score is 39 of 499
Answer Stats
Hint Answer % Correct
SSA Spyro
100%
SSA Stealth elf
60%
SSA Trigger Happy
60%
SSA Double Trouble
50%
SSA Eruptor
50%
SSA Chop Chop
40%
SSA Drill Sergeant
40%
SSA Gill Grunt
40%
SSA Hex
40%
Giants Hot Head
40%
Giants Jet Vac
40%
Giants Popfizz
40%
SSA Wrecking Ball
40%
Giants Crusher
30%
SSA Cynder
30%
SSA Dark Spyro
30%
Giants Eye Brawl
30%
Trap Team Food Fight
30%
Giants Hot Dog
30%
SSA Ignitor
30%
Giants Ninjini
30%
SSA Slam Bam
30%
SSA Terrafin
30%
Giants Thumpback
30%
Giants Tree Rex
30%
SSA Zap
30%
SSA Bash
20%
Giants Bouncer
20%
Imaginators Chompy Mage
20%
Swap Force Dark Ninja Stealth Elf (S3
20%
SSA Drobot
20%
Eon's Elite Eon's Elite Spyro
20%
Eon's Elite Eon's Elite Trigger Happy
20%
SSA Flameslinger
20%
Giants Gnarly Tree Rex
20%
Giants Granite Crusher
20%
Super Chargers Hurricane Jet Vac
20%
Trap Team Kaboom
20%
Imaginators Kaos
20%
Giants Legendary Bouncer
20%
SSA Legendary Chop Chop
20%
Giants Legendary Stealth Elf
20%
Giants Lightcore Hex
20%
Giants Lightcore Popfizz
20%
Swap Force Mega Ram Spyro (S3)
20%
Trap Team Pet Vac
20%
SSA Prism Break
20%
Swap Force Rip Tide
20%
Giants Royal Double Trouble
20%
Giants Sprocket
20%
SSA Stump smash
20%
Super Chargers Super Shot Stealth Elf
20%
Giants Swarm
20%
Super Chargers Turbo Charge Donkey Kong
20%
SSA Voodood
20%
SSA Wham Shell
20%
Imaginators Air Strike
10%
Imaginators Ambush
10%
Super Chargers Astroblast
10%
Imaginators Aurora
10%
Imaginators Bad Juju
10%
Imaginators Barbella
10%
Giants | Trap Team Barkley
10%
Trap Team Bat Spin
10%
Super Chargers Big Bubble Popfizz
10%
Trap Team Blackout
10%
Trap Team Blades
10%
Trap Team Blaster Mind
10%
Imaginators Blastertron
10%
Swap Force Blast Zone
10%
Super Chargers Bone Bash Roller Brawl
10%
Imaginators Boom Bloom
10%
SSA Boomer
10%
Swap Force Boom Jet
10%
Trap Team Bop
10%
Trap Team Breeze
10%
Imaginators Buckshot
10%
Swap Force Bumble Blast
10%
Trap Team Bushwhack
10%
SSA Camo
10%
Imaginators Chain Reaction
10%
Giants Chill
10%
Trap Team Chopper
10%
Imaginators Chopscotch
10%
Trap Team Clear Short Cut
10%
Trap Team Cobra Cadabra
10%
Swap Force Countdown
10%
Imaginators Crash Bandicoot
10%
Swap Force Dark Blast Zone
10%
Trap Team Dark Food Fight
10%
Imaginators Dark Golden Queen
10%
Imaginators Dark King Pen
10%
Swap Force Dark Slobbertooth
10%
Trap Team Dark Snap Shot
10%
Super Chargers Dark Spitfire
10%
Super Chargers Dark Super Shot Stealth Elf
10%
Swap Force Dark Wash Buckler
10%
Trap Team Dark Wild Fire
10%
Imaginators Dark Wolf Gang
10%
Super Chargers Deep Dive Gill Grunt
10%
Trap Team Deja Vu
10%
SSA Dino Rang
10%
Vehicle Dive Bomber
10%
Super Chargers Dive Clops
10%
Swap Force Doom Stone
10%
Super Chargers Double Dare Trigger Happy
10%
Imaginators Dr. Krankcase
10%
Imaginators Dr. Neo Cortex
10%
Swap Force Dune Bug
10%
Trap Team Echo
10%
Imaginators Egg Bomber Air Strike
10%
Imaginators Ember
10%
Swap Force Enchanted Hoot Loop
10%
Swap Force Enchanted Lightcore Star Strike
10%
Trap Team Enigma
10%
Eon's Elite Eon's Elite Boomer
10%
Eon's Elite Eon's Elite Chop Chop
10%
Eon's Elite Eon's Elite Dino Rang
10%
Eon's Elite Eon's Elite Eruptor
10%
Eon's Elite Eon's Elite Ghost Roaster
10%
Eon's Elite Eon's Elite Gill Grunt
10%
Eon's Elite Eon's Elite Slam Bam
10%
Eon's Elite Eon's Elite Stealth Elf
10%
Eon's Elite Eon's Elite Terrafin
10%
Eon's Elite Eon's Elite Voodood
10%
Eon's Elite Eon's Elite Whirlwind
10%
Eon's Elite Eon's Elite Zook
10%
Giants | Trap Team Eye Small
10%
Super Chargers Fiesta
10%
Swap Force Fire Kraken
10%
Trap Team Fist Bump
10%
Imaginators Flare Wolf
10%
Giants Flashwing
10%
Trap Team Fling Kong
10%
Trap Team Flip Wreck
10%
Swap Force Free Ranger
10%
Swap Force Freeze Blade
10%
Giants Fright Rider
10%
Swap Force Fryno
10%
Trap Team Funny Bone
10%
Trap Team Gearshift
10%
SSA Ghost Roaster
10%
SSA | Trap Team Gill Runt
10%
Trap Team Gnarly Barkley
10%
Imaginators Golden Queen
10%
Imaginators Grave Clobber
10%
Swap Force Grilla Drilla
10%
Swap Force Grim Creeper
10%
Trap Team Gusto
10%
Super Chargers Hammer Slam Bowser
10%
Imaginators Hard Boiled Flare Wolf
10%
Trap Team Head Rush
10%
Trap Team High Five
10%
Super Chargers High Volt
10%
Trap Team Hijinx
10%
Swap Force Hoot Loop
10%
Vehicle Hot Streak
10%
Swap Force Jade Fire Kraken
10%
Giants Jade Flashwing
10%
Trap Team Jawbreaker
10%
Swap Force Jolly Bumble Blast
10%
Swap Force Kick Off Countdown
10%
Trap Team King Cobra Cadabra
10%
Imaginators King Pen
10%
Trap Team Knight Light
10%
Trap Team Knight Mare
10%
Trap Team Krypt King
10%
Super Chargers Lava Lance Eruptor
10%
Super Chargers Legendary Astroblast
10%
SSA Legendary Bash
10%
Trap Team Legendary Blades
10%
Super Chargers Legendary Bone Bash Roller Brawl
10%
Trap Team Legendary Bushwhack
10%
Trap Team Legendary Deja Vu
10%
Swap Force Legendary Free Ranger
10%
Super Chargers Legendary Hurricane Jet Vac
10%
Giants Legendary Ignitor
10%
Trap Team Legendary Jawbreaker
10%
Giants Legendary Jet Vac
10%
Giants Legendary Lightcore Chill
10%
Swap Force Legendary Lightcore Grim Creeper
10%
Swap Force Legendary Night Shift
10%
Imaginators Legendary Pit Boss
10%
Giants Legendary Slam Bam
10%
SSA Legendary Spyro
10%
SSA Legendary Trigger Happy
10%
Imaginators Legendary Tri Tip
10%
Swap Force Legendary Zoolou
10%
Swap Force Lightcore Bumble Blast
10%
Giants Lightcore Chill
10%
Giants Lightcore Drobot
10%
Giants Lightcore Eruptor
10%
Swap Force Lightcore Flashwing
10%
Swap Force Lightcore Grim Creeper
10%
Giants Lightcore Jet Vac
10%
Giants Lightcore Shroomboom
10%
Swap Force Lightcore Smolderdash
10%
Swap Force Lightcore Star Strike
10%
Swap Force Lightcore Warnado
10%
Swap Force Lightcore Wham Shell
10%
SSA Lightning Rod
10%
Trap Team Lob Star
10%
Trap Team Love Potion Popfizz (S3)
10%
Swap Force Magna Charge
10%
Giants | Trap Team Mini Jini
10%
Giants Molten Hotdog
10%
Imaginators Mysticat
10%
Super Chargers Nightfall
10%
Swap Force Night Shift
10%
Swap Force Nitro Freeze Blade
10%
Trap Team Nitro Head Rush
10%
Trap Team Nitro Krypt King
10%
Swap Force Nitro Magna Charge
10%
Imaginators Painyatta
10%
Imaginators Pit Boss
10%
Giants Polar Whirlwind
10%
Swap Force Pop Thorn
10%
Trap Team Power Punch Pet Vac
10%
Swap Force Punk Shock
10%
Swap Force Rattle Shake
10%
Imaginators Ro Bow
10%
Trap Team Rocky Roll
10%
Swap Force Roller Brawl
10%
Swap Force Rubble Rouser
10%
Giants Scarlet Ninjini
10%
Swap Force Scorp
10%
Swap Force Scratch
10%
Super Chargers Shark Shooter Terrafin
10%
Trap Team Short Cut
10%
Giants Shroomboom
10%
Swap Force Slobbertooth
10%
Trap Team Small Fry
10%
Super Chargers Smash Hit
10%
Swap Force Smolderdash
10%
Trap Team Snap Shot
10%
SSA Sonic boom
10%
Super Chargers Splat
10%
Trap Team Spotlight
10%
Trap Team Spry
10%
Swap Force Spy Rise
10%
Imaginators Star Cast
10%
Swap Force Star Strike
10%
Super Chargers Steel Plated Smash Hit
10%
Swap Force Stink Bomb
10%
Super Chargers Stormblade
10%
SSA Sunburn
10%
Imaginators Tae Kwon Crow
10%
SSA | Trap Team Terrabite
10%
Super Chargers Thrillipede
10%
Giants | Trap Team Thumpling
10%
Trap Team Thunderbolt
10%
Imaginators Tide Pool
10%
Trap Team Torch
10%
Trap Team Trail Blazer
10%
Swap Force Trap Shadow
10%
Trap Team Tread Head
10%
SSA | Trap Team Trigger Snappy
10%
Imaginators Tri Tip
10%
Trap Team Tuff Luck
10%
Trap Team Wallop
10%
SSA Warnado
10%
Swap Force Wash Buckler
10%
Trap Team Weeruptor
10%
SSA Whirlwind
10%
SSA | Trap Team Whisper Elf
10%
Trap Team Wild Fire
10%
Imaginators Wild Storm
10%
Swap Force Wind Up
10%
Imaginators Wolf Gang
10%
SSA Zook
10%
Swap Force Zoolou
10%
Swap Force Anchors Away Gill Grunt (S3)
0%
SSA Anvil Rain
0%
Swap Force Arkeyan Crossbow
0%
Vehicle Barrel Blaster
0%
Swap Force Battle Hammer
0%
Swap Force Big Bang Trigger Happy (S3)
0%
Super Chargers Birthday Bash Big Bubble Popfizz
0%
Swap Force Blizzard Chill (S2)
0%
SSA Blue Bash
0%
Imaginators Blue Chest
0%
Swap Force Bronze and Gold Doom Stone
0%
Super Chargers Bronze Bone Bash Roller Brawl
0%
Imaginators Bronze Chest
0%
Vehicle Bronze Tomb Buggy
0%
Vehicle Burn Cycle
0%
Vehicle Buzz Wing
0%
Imaginators Candy Coated Chopscotch
0%
SSA Chrome Spyro
0%
Imaginators Clear Star Cast
0%
Trap Team Clear Thunderbolt
0%
Trap Team Clear Tuff Luck
0%
Vehicle Clown Cruiser
0%
Vehicle Crypt Crusher
0%
SSA Crystal Clear Cynder
0%
SSA Crystal Clear Stealth Elf
0%
SSA Crystal Clear Wham Shell
0%
SSA Crystal Clear Whirlwind
0%
Vehicle Dark Barrel Blaster
0%
Vehicle Dark Clown Cruiser
0%
Super Chargers Dark Hammer Slam Bowser
0%
Vehicle Dark Hot Streak
0%
SSA Darklight Crypt
0%
Swap Force Dark Mega Ram Spyro (S3)
0%
Vehicle Dark Sea Shadow
0%
Super Chargers Dark Turbo Charge Donkey Kong
0%
Imaginators Dec-Ember
0%
SSA Hidden Treasure
0%
Giants Double Trouble 1.5
0%
Giants Dragonfire Cannon
0%
SSA Dragons Peak
0%
Trap Team Drobit
0%
Giants E3 Hot Dog
0%
Vehicle E3 Hot Streak
0%
Super Chargers Eggcited Thrillipede
0%
Trap Team Eggsellent Weeruptor
0%
SSA Empire of Ice
0%
Giants Employee Edition Lightcore Prism Break
0%
Imaginators Enchanted Elven Forest
0%
Swap Force Fiery Forge
0%
Swap Force Fire Bone Hot Dog (S2)
0%
Trap Team Fizzy Frenzy Popfizz (S3
0%
Swap Force Flocked Spring Time Trigger Happy (S3)
0%
SSA Flocked Stump Smash
0%
Super Chargers Frightful Fiesta
0%
Trap Team Full Power Jet Vac (S3)
0%
SSA Ghost Swords
0%
Giants Glow in the dark Cynder
0%
Giants Glow in the dark Fright Rider
0%
Giants Glow in the dark Sonic Boom
0%
SSA Glow in the dark Warnado
0%
SSA Glow in the dark Wrecking Ball
0%
SSA Glow in the dark Zap
0%
Imaginators Gold Chest
0%
SSA Gold Chop Chop
0%
SSA Gold Drill Sergeant
0%
Giants Golden Dragonfire Cannon
0%
Giants Golden Flameslinger
0%
Vehicle Golden Hot Streak
0%
Swap Force Gold Fire Kraken
0%
SSA Gold Flame Slinger
0%
Vehicle Gold Rusher
0%
Swap Force Green Frito Lay Fire Bone Hot Dog
0%
SSA Green Gill Grunt
0%
Swap Force Green Riptide
0%
Swap Force Green Scorp
0%
Swap Force Green Twin Blade Chop Chop (S3)
0%
Swap Force Groove Machine
0%
Imaginators Gryphon Park Observatory
0%
Giants Halloween Fright Rider
0%
Trap Team Hand of Fate
0%
Imaginators Happy Birthday Ben Starcast
0%
SSA Healing Elixir
0%
Imaginators Heart Breaker Buckshot
0%
Swap Force Heavy Duty Sprocket (S2)
0%
Swap Force Heavy Metal Sprocket (S2)
0%
Trap Team Hog Wild Fryno (S2)
0%
Imaginators Hoodsicle
0%
Swap Force Horn Blast Whirlwind (S3)
0%
Swap Force Hyperbeam Prism Break (S3)
0%
Vehicle Jet Stream
0%
Imaginators Jingle Bell Chompy Mage
0%
Super Chargers Kaos Trophy
0%
Swap Force Knockout Terrafin (S3)
0%
Super Chargers Land Trophy
0%
Swap Force Lava Barf Eruptor (S3)
0%
Trap Team Legendary Hand of Fate
0%
Vehicle Legendary Sun Runner
0%
Swap Force Lightcore Countdown
0%
Giants Lightcore Prism Break
0%
Giants Metallic Blue Chop Chop
0%
Giants Metallic Green Gill Grunt
0%
Giants Metallic Green Shroomboom
0%
SSA Metallic Purple Cynder
0%
Giants Metallic Purple Eye Brawl
0%
Giants Metallic purple Lightning Rod
0%
Giants Metallic purple Wrecking Ball
0%
Swap Force Metallic Red Dune Bug
0%
Swap Force Metallic Wash Buckler
0%
Trap Team Midnight Museum
0%
Trap Team Mirror of Mystery
0%
Super Chargers Missile tow Dive Clops
0%
Vehicle Mobile Hot Streak
0%
Imaginators Mystical Bad Juju
0%
Imaginators Mystical Tae Kwon Crow
0%
Trap Team Nightmare Express
0%
Swap Force Ninja Stealth Elf (S3)
0%
Vehicle Nitro Soda Skimmer
0%
Vehicle Nitro Stealth Stinger
0%
Imaginators Orange Chain Reaction
0%
Vehicle Patina Burn Cycle
0%
Super Chargers Patina High Volt
0%
Super Chargers Patina Lava Lance Eruptor
0%
Vehicle Patina Shield Striker
0%
SSA Pearl Hex
0%
Swap Force Phantom Cynder (S3)
0%
Trap Team Piggy Bank
0%
Imaginators Pink Barbella
0%
SSA Pirate Seas
0%
Swap Force Platinum Sheep
0%
Giants Platinum Treasure Chest
0%
Vehicle Power Blue Gold Rusher
0%
Super Chargers Power Blue Splat
0%
Vehicle Power Blue Splatter Splasher
0%
Super Chargers Power Blue Trigger Happy
0%
Giants Pumpkin Eye Brawl
0%
Giants Punch Popfizz
0%
Swap Force Purple Frito Lay Fire Bone Hot Dog
0%
Swap Force Quick Draw Rattle Shake
0%
SSA Red Camo
0%
SSA Red Drill Sergeant
0%
Swap Force Red Frito Lay Fire Bone Hot Dog
0%
Vehicle Reef Ripper
0%
Imaginators Rock Candy Painyatta
0%
Trap Team Rocket Ram
0%
Giants S2 Bash
0%
Giants S2 Chop Chop
0%
Giants S2 Cynder
0%
Giants S2 Double Trouble
0%
Giants S2 Drill Sergeant
0%
Giants S2 Drobot
0%
Giants S2 Eruptor
0%
Giants S2 Flameslinger
0%
Giants S2 Gill Grunt
0%
Giants S2 Hex
0%
Giants S2 Ignitor
0%
Giants S2 Lightning Rod
0%
Giants S2 Prism Break
0%
Giants S2 Slam Bam
0%
Giants S2 Sonic Boom
0%
Giants S2 Spyro
0%
Giants S2 Stealth Elf
0%
Giants S2 Stump Smash
0%
Giants S2 Terrafin
0%
Giants S2 Trigger Happy
0%
Giants S2 Whirlwind
0%
Giants S2 Wrecking Ball
0%
Giants S2 Zap
0%
Giants S2 Zook
0%
Giants Scorpion Striker Catapult
0%
Vehicle Sea Shadow
0%
Super Chargers Sea Trophy
0%
Vehicle Shark Tank
0%
Swap Force Sheep Wreck Island
0%
Vehicle Shield Striker
0%
Swap Force Silver and Bronze Trap Shadow
0%
Swap Force Silver and Gold Stink Bomb
0%
SSA Silver Boomer
0%
Imaginators Silver Chest
0%
SSA Silver Dino Rang
0%
SSA Silver Eruptor
0%
Swap Force Sky Diamond
0%
SSA Sky Iron Shield
0%
Vehicle Sky Slicer
0%
Super Chargers Sky Trophy
0%
Super Chargers Snow Bright Storm Blade
0%
Swap Force Snowderdash
0%
Vehicle Soda Skimmer
0%
Imaginators Solar Flare Aurora
0%
Giants Sparkle Hot Head
0%
Giants Sparkle Sonic Boom
0%
Giants Sparkle Sprocket
0%
SSA Sparx Dragonfly
0%
Super Chargers Spitfire
0%
Vehicle Splatter Splasher
0%
Vehicle Spring Ahead Dive Bomber
0%
Swap Force Spring Time Trigger Happy (S3)
0%
Vehicle Stealth Stinger
0%
Imaginators Steel Plated Hoodsicle
0%
Giants Stone Whirlwind
0%
Giants Stone Zook
0%
Vehicle Sun Runner
0%
Trap Team Sunscraper Spire
0%
Swap Force Super Gulp Popfizz (S2)
0%
Trap Team Sure Shot Shroomboom (S2)
0%
Swap Force Thorn Horn Camo (S2)
0%
Vehicle Thump Truck
0%
Trap Team Tidal Wave Gill Grunt (S4)
0%
Trap Team Tiki Speaky
0%
SSA Time Twister
0%
Vehicle Tomb Buggy
0%
Swap Force Tower of Time
0%
Swap Force Turbo Jet Vac (S2)
0%
Swap Force Twin Blade Chop Chop (S3)
0%
Swap Force Volcanic Lava Barf Eruptor (S3)
0%
SSA Volcanic Vault
0%
Giants White Flocked Eruptor
0%
Giants White Flocked Lightcore Prism Break
0%
Giants White Flocked Stump Smash
0%
SSA Winged Boots
0%
Trap Team Winterfest Lob Star
0%
No matching quizzes found
Score Distribution
Percent of People with Each Score
Percentile by Number Answered
Your Score History
You have not taken this quiz since the last reset